Intellectual property protection and Olympic games

Významné obchodné aktivity športu. Komerčné aktivity Medzinárodného olympijského výboru. Príjmy OH. Práva duševného vlastníctva, ochrana olympijského duševného vlastníctva. Olympijský symbol, logo.

Gespeichert in:
Bibliographische Detailangaben
1. Verfasser: Klimko, Patrik
Weitere Verfasser: Čaplánová, Anetta, 1967-
Format: Buchkapitel
Sprache:Englisch
Schlagworte:
Tags: Tag hinzufügen
Keine Tags, Fügen Sie das erste Tag hinzu!

MARC

LEADER 00000nla a2200000 4500
001 0234253
005 20241113102335.6
041 0 |a eng 
044 |a HR 
245 1 0 |a Intellectual property protection and Olympic games  |c Patrik Klimko, Anetta Čaplánová 
520 |a Významné obchodné aktivity športu. Komerčné aktivity Medzinárodného olympijského výboru. Príjmy OH. Práva duševného vlastníctva, ochrana olympijského duševného vlastníctva. Olympijský symbol, logo. 
610 2 0 |a šport 
610 2 0 |a marketing 
610 2 0 |a hry 
610 2 0 |a hry olympijské 
610 2 0 |a vlastníctvo duševné 
610 2 0 |a ochrana vlastníctva 
610 2 0 |a právo 
100 1 |a Klimko, Patrik 
700 1 |a Čaplánová, Anetta, 1967-